In Memoriam Kurt Schneider
| Autor principal: | |
|---|---|
| Tipo de documento: | Print Artículo |
| Lenguaje: | Alemán |
| Publicado: |
1968
|
| En: |
Zentralblatt für die gesamte Neurologie und Psychiatrie
Año: 1968, Número: 211, Páginas: 1-6 |
| Disponibilidad en Tübingen: | Disponible en Tübingen. IFK: 1818 |
| Verificar disponibilidad: | HBZ Gateway |
| Palabras clave: |
MARC
| LEADER | 00000caa a22000002c 4500 | ||
|---|---|---|---|
| 001 | 1633005682 | ||
| 003 | DE-627 | ||
| 005 | 20220607135527.0 | ||
| 007 | tu | ||
| 008 | 130903s1968 xx ||||| 00| ||ger c | ||
| 035 | |a (DE-627)1633005682 | ||
| 035 | |a (DE-576)392982749 | ||
| 035 | |a (DE-599)BSZ392982749 | ||
| 040 | |a DE-627 |b ger |c DE-627 |e rakwb | ||
| 041 | |a ger | ||
| 100 | 1 | |a Kranz, Heinrich |d 1901-1979 |0 (DE-588)17219573X |0 (DE-627)697109607 |0 (DE-576)133065995 |4 aut | |
| 109 | |a Kranz, Heinrich 1901-1979 |a Kranz, H. 1901-1979 | ||
| 245 | 1 | 0 | |a In Memoriam Kurt Schneider |c H. Kranz |
| 264 | 1 | |c 1968 | |
| 336 | |a Text |b txt |2 rdacontent | ||
| 337 | |a ohne Hilfsmittel zu benutzen |b n |2 rdamedia | ||
| 338 | |a Band |b nc |2 rdacarrier | ||
| 773 | 0 | 8 | |i In |t Zentralblatt für die gesamte Neurologie und Psychiatrie |d Berlin : Springer, 1921 |g (1968), 211, Seite 1-6 |w (DE-627)129510920 |w (DE-600)210162-2 |w (DE-576)014918137 |x 0044-412X |7 nnas |
| 773 | 1 | 8 | |g year:1968 |g number:211 |g pages:1-6 |
| 951 | |a AR | ||
| ELC | |b 1 | ||
| LOK | |0 000 xxxxxcx a22 zn 4500 | ||
| LOK | |0 001 3286027286 | ||
| LOK | |0 003 DE-627 | ||
| LOK | |0 004 1633005682 | ||
| LOK | |0 005 20130903155014 | ||
| LOK | |0 008 130903||||||||||||||||ger||||||| | ||
| LOK | |0 040 |a DE-21-110 |c DE-627 |d DE-21-110 | ||
| LOK | |0 689 |a s |a Psychopathie | ||
| LOK | |0 689 |a s |a Hebephrenie | ||
| LOK | |0 852 |a DE-21-110 | ||
| LOK | |0 852 1 |c 1818 |m p |9 00 | ||
| LOK | |0 935 |a k110 | ||
| LOK | |0 938 |k p | ||
| LOK | |0 939 |a 03-09-13 |b l01 | ||
| ORI | |a SA-MARC-krimdoka001.raw | ||
| SIG | |a IFK: 1818 | ||
